logo

Bir Sreshtho Munshi Abdur Rouf Library
Jhenaidah Cadet College

Road to success : putting the principles of think and grow rich into action (Record no. 14188)

MARC details
000 -LEADER
fixed length control field 00819nam a22002177a 4500
001 - CONTROL NUMBER
JCCL Control Number 14188
003 - CONTROL NUMBER IDENTIFIER
JCCL marc code BD-JhCC
005 - DATE AND TIME OF LATEST TRANSACTION
control field 20250208141710.0
008 - FIXED-LENGTH DATA ELEMENTS--GENERAL INFORMATION
fixed length control field 250208b2016 us |||| ||a| 000 0 eng d
035 ## - SYSTEM CONTROL NUMBER
system control number (BD-JhCC)14188
040 ## - CATALOGING SOURCE
Original cataloging agency BD-JhCC
Modifying agency BD-JhCC
041 ## - LANGUAGE CODE
Language code of Book eng
082 ## - DEWEY DECIMAL CLASSIFICATION NUMBER
Classification number 185.5
Author mark and Year HIL 2016
100 ## - MAIN ENTRY--PERSONAL NAME
Personal name Hill, Napoleon
245 ## - TITLE STATEMENT
Title Road to success : putting the principles of think and grow rich into action
Statement of responsibility, etc Road to success : putting the principles of think and grow rich into action in yoNapoleon Hillur life
260 ## - PUBLICATION, DISTRIBUTION, ETC. (IMPRINT)
Place of publication, distribution, etc New York:
Name of publisher, distributor, etc A TarcherPerigee Book;
Date of publication, distribution, etc 2016.
300 ## - PHYSICAL DESCRIPTION
Pagination 239 p.
Dimensions 20 cm.
650 ## - SUBJECT ADDED ENTRY--TOPICAL TERM
Topical term or geographic name as entry element Are you lacking a sense of direction? Unable to chart a course for success in your life? Uneasy as to whether or not you are following the correct
942 ## - ADDED ENTRY ELEMENTS (KOHA)
Source of classification or shelving scheme Dewey Decimal Classification
Koha item type Books
Holdings
Source of classification or shelving scheme Damaged status Not for loan Home library Current library Shelving location Date of accession Source of acquisition Cost, normal purchase price Total Checkouts Full call number Barcode Date last seen Copy number Method of acquisition Koha item type Currency
Dewey Decimal Classification     JCC Rouf Library JCC Rouf Library General Stacks   With the Compliemets of Maj( Rtd) Syed Shakawat Hossain, 07/0388/K 7th 100.00   185.5 HIL 2016 19969 02/08/2025 C-1 Gift/Donation Books BDT
Dewey Decimal Classification     JCC Rouf Library JCC Rouf Library General Stacks   With the Compliemets of Maj( Rtd) Syed Shakawat Hossain, 07/0388/K 7th 100.00   185.5 HIL 2016 19970 02/08/2025 C-2 Gift/Donation Books BDT

JCC Library | Contacts | JCC Home

Last Update on 23 September 2017
Copyright @ 2017-2020 JCC Rouf Library
Rouf Library, Jhenidah Cadet College (JCC), Bangladesh